000 005250000a22001810004500
003 MACL
005 20160302141551.0
008 160302b xxu||||| |||| 00| 0 eng d
040 _aMACL
_cMACL
041 _aHindi
082 _a891.431
100 _aसत्‍यमोहन वर्मा
_942058
245 _aविकल्‍प का समीकरण
260 _bवर्तिका प्रकाशन
_c1987
_aसतना
350 _a11
650 _aPoetry
_942059
942 _cHIN
_k891.431
_2ddc
999 _c29150
_d29150